LEADER 00927nam0-2200325---450- 001 990009908430403321 005 20141022092551.0 010 $a978-88-498-3632-5 035 $a000990843 035 $aFED01000990843 035 $a(Aleph)000990843FED01 035 $a000990843 100 $a20141022d2012----km-y0itay50------ba 101 0 $aita 102 $aIT 105 $ay-------001yy 200 1 $a<>cittą nella scienza politica Americana$fFrancesca Gelli 210 $aSoveria Mannelli$cRubettino$d2012 215 $a161 p.$d23 cm 225 1 $aUniversitą 610 0 $aGoverno locale$aStati Uniti d'America 676 $a320.850973$v22$zita 700 1$aGelli,$bFrancesca$0523939 801 0$aIT$bUNINA$gREICAT$2UNIMARC 901 $aBK 912 $a990009908430403321 952 $aII F 458$b52090$fFSPBC 959 $aFSPBC 996 $aCittą nella scienza politica Americana$9831568 997 $aUNINA